| 000 | 00869nam a2200277Ia 4500 | ||
|---|---|---|---|
| 003 | PE SENCICO BE | ||
| 005 | 20251020182429.0 | ||
| 008 | 200515s9999 xx 000 0 und d | ||
| 020 | _a980-6021-29-0 | ||
| 040 |
_aPE SENCICO BE _cPE SENCICO BE |
||
| 041 | _aspa | ||
| 082 |
_a331.0987 _bU36 |
||
| 100 | 1 |
_aUlloa, Camilo _92454 _eautor |
|
| 245 | 1 | 0 |
_aLos oficios en Venezuela siglos XIX y XX / _cCamilo Ulloa |
| 246 | _aComo nacieron los oficios en Venezuela | ||
| 260 |
_aCaracas : _bInce ; _c1994 |
||
| 300 |
_a433 p. : _btbl. ; _c27 cm. |
||
| 500 | _aEn la cubierta: "Cómo nacieron los oficios en Venezuela". | ||
| 610 | 1 | 0 |
_92459 _aINCE |
| 650 | 1 | 0 |
_aTrabajo _92456 |
| 650 | 2 | 0 |
_aEmpleos _92458 |
| 650 | 2 | 0 |
_aHistoria _9707 |
| 651 | 0 |
_92457 _aVenezuela |
|
| 710 | 1 |
_92455 _aInstituto Nacional de Cooperación Educativa (Venezuela) |
|
| 942 |
_cLIB _2ddc |
||
| 999 |
_c185 _d185 |
||